00640nam a2200229 a 4500001001300000003000900013005001700022008004100039020001000080082001500090100002200105245004500127260003500172300000800207500003500215505001000250650002500260902000800285942000700293952009500300999001500395nice12345678IN_TiNIC20260116011557.0050524s1937 lona grp 000 0 ara  ac10000a297.5bKHA aKharraz, Abu Said aKitab Al-Sidqb the Book of Truthfulness aLondonbHumphery Milfordc1937 a67p aincludes index and biblioraphy2 aindex aIslam-Moral Theology bSRS cBK 00104070aHMIbHMId2007-07-03g100.00l0o297.5 KHAp1262r2007-07-03w2026-01-16yARB c2702d2702